000 00335 a2200157 4500
001 73168
020 _a8226259326
040 _cAnchieta - Colégio São Paulo
100 _aVicentino, Claúdio
240 1 0 _aHistória
_lpor
245 1 0 _aHistória
300 _a248
362 0 _a2006
650 4 _aHistória do mundo
942 _cBK
999 _c73168
_d73168